00418nam a22001577a 450000500170000001000150001702000260003203500140005803700130007208200060008510000190009124500450011026000410015527000430019630000210023920190613161323.0 aENG-125579 a9789386050403c399.00 aEN-109111 bDBAD/PUB aN aSonmez, Burhan aIstanbul istanbulcby Ananda Gopal Gupta aNew DelhibSpeaking Tiger Publishers a4381/4, Ansari RoadbNew Delhie110002 a252p.c20cm(pbk)